Poslanci schválili nové pravidlá verejného obstarávania

Návrh novely zákona č. 25/2006 Z. z. o verejnom obstarávaní vypracovaný Ministerstvom vnútra, ktorý schválila Národná rada SR 19.3.2013, prináša pozitívne zmeny do procesu verejného obstarávania. Zefektívnenie procesu obstarávania. Posilnenie postavenia kvalitných a poctivých dodávateľov.

Guardado en:
Detalles Bibliográficos
Autor principal: Neupauerová, Zuzana
Formato: Capítulo de libro
Lenguaje:eslovaco
Materias:
Etiquetas: Agregar Etiqueta
Sin Etiquetas, Sea el primero en etiquetar este registro!

MARC

LEADER 00000naa a2200000 4500
001 0169770
005 20240502072936.3
041 0 |a slo 
044 |a SK 
245 1 0 |a Poslanci schválili nové pravidlá verejného obstarávania  |c Zuzana Neupauerová 
520 |a Návrh novely zákona č. 25/2006 Z. z. o verejnom obstarávaní vypracovaný Ministerstvom vnútra, ktorý schválila Národná rada SR 19.3.2013, prináša pozitívne zmeny do procesu verejného obstarávania. Zefektívnenie procesu obstarávania. Posilnenie postavenia kvalitných a poctivých dodávateľov. 
610 2 0 |a legislatíva 
610 2 0 |a obstarávanie verejné 
610 2 0 |a novelizácia 
610 2 0 |a transparentnosť 
610 2 0 |a efektívnosť 
610 2 0 |a právo obchodné 
100 1 |a Neupauerová, Zuzana